| 000 | 00836nam a22002297a 4500 | ||
|---|---|---|---|
| 005 | 20140310183644.0 | ||
| 008 | 131219b xxu||||| |||| 00| 0 eng d | ||
| 020 | _a9789718686430 | ||
| 050 |
_aPN 5449 _b.C822 2006 |
||
| 100 | _aCoronel, Sheila S. | ||
| 245 |
_aInvestigative reporting for television in Southeast Asia / _cSheila S Coronel, Howie G Severino, Philippine Center for Investigative Journalism. |
||
| 260 |
_aQuezon City : _bPhilippine Center for Investigative Journalism, _c2006. |
||
| 300 |
_aix, 188 p. : _bill. ; _c22 cm. |
||
| 521 | _aMC | ||
| 650 |
_aInvestigative reporting _xSoutheast Asia. |
||
| 650 |
_aTelevision broadcasting of news _xSoutheast Asia. |
||
| 650 |
_aJournalism _xSoutheast Asia. |
||
| 700 |
_aSeverino, Howie _eauthor. |
||
| 942 |
_2lcc _cBK _kLOC |
||
| 999 |
_c25880 _d25880 |
||